<?xml version="1.0" encoding="UTF-8"?>
<record
    xmlns:xsi="http://www.w3.org/2001/XMLSchema-instance"
    xsi:schemaLocation="http://www.loc.gov/MARC21/slim http://www.loc.gov/standards/marcxml/schema/MARC21slim.xsd"
    xmlns="http://www.loc.gov/MARC21/slim">

  <leader>01019nam a22001817a 4500</leader>
  <controlfield tag="003">IT-RoPau</controlfield>
  <controlfield tag="005">20220918181218.0</controlfield>
  <controlfield tag="008">131207b        xxu||||| |||| 00| 0 eng d</controlfield>
  <datafield tag="040" ind1=" " ind2=" ">
    <subfield code="c">IT-RoPau</subfield>
  </datafield>
  <datafield tag="100" ind1=" " ind2=" ">
    <subfield code="a">Ferrero, G. Mauro</subfield>
    <subfield code="9">335</subfield>
  </datafield>
  <datafield tag="245" ind1=" " ind2=" ">
    <subfield code="a">"Mia madre era una santa"</subfield>
    <subfield code="b">Teresa Allocco Mamma del beato GIacomo Alberione</subfield>
  </datafield>
  <datafield tag="250" ind1=" " ind2=" ">
    <subfield code="a">I</subfield>
  </datafield>
  <datafield tag="260" ind1=" " ind2=" ">
    <subfield code="a">Roma</subfield>
    <subfield code="b">Grafica Animobono</subfield>
    <subfield code="c">2012</subfield>
  </datafield>
  <datafield tag="300" ind1=" " ind2=" ">
    <subfield code="a">83 pp. </subfield>
    <subfield code="c">20 cm</subfield>
  </datafield>
  <datafield tag="490" ind1=" " ind2=" ">
    <subfield code="a">Ed. SSP Roma</subfield>
  </datafield>
  <datafield tag="520" ind1=" " ind2=" ">
    <subfield code="a">Indice

Premessa di Eugenio Fornasari,ssp
Introduzione di Carla Romano, cooperatrice

Mamma in festa
La famiglia
La culla
Madre dei "giovenali"
Contadina e casalinga
Donna di preghiera
Manda un bacio a Maria
D&#xEC; una parola a Ges&#xF9;
Mamma educatrice
Mamma innamorata
Donna forte e coraggiosa
Donna paziente
Vedova e nonna
Teresa e don Giacomo Alberione
Mamma amante della vita
La santit&#xE0; quotidiana
Donna sollecita perch&#xE8; contemplativa
Mamma della Famiglia Paolina

Appendice
I proverbi della mamma
Una leggenda tra le Alpi

Abbreviazioni</subfield>
  </datafield>
  <datafield tag="942" ind1=" " ind2=" ">
    <subfield code="2">ddc</subfield>
    <subfield code="c">BK</subfield>
  </datafield>
  <datafield tag="999" ind1=" " ind2=" ">
    <subfield code="c">104209</subfield>
    <subfield code="d">104209</subfield>
  </datafield>
  <datafield tag="952" ind1=" " ind2=" ">
    <subfield code="0">0</subfield>
    <subfield code="1">0</subfield>
    <subfield code="2">ddc</subfield>
    <subfield code="4">0</subfield>
    <subfield code="6">P_B2</subfield>
    <subfield code="7">1</subfield>
    <subfield code="a">PAULUS</subfield>
    <subfield code="b">PAULUS</subfield>
    <subfield code="d">2013-12-07</subfield>
    <subfield code="l">0</subfield>
    <subfield code="o">P B2</subfield>
    <subfield code="r">2013-12-07 00:00:00</subfield>
    <subfield code="w">2013-12-07</subfield>
    <subfield code="y">BK</subfield>
  </datafield>
</record>
